Rois de Germanie - Statistiques

Statistiques générales
  • Ce quiz a été pris 48 fois
  • Le résultat moyen est 11 sur 15
Statistiques - réponses
Dynastie Date de règne Nom % Correct
Ottoniens 936 - 973 Ier Otton
100%
Ottoniens 973 - 983 II Otton
100%
Ottoniens 983 - 1002 III Otton
100%
Hohenstaufen 1155 - 1190 de Barberousse Frédéric
82%
Hohenstaufen 1212 - 1250 II Frédéric
82%
Ottoniens 1002 - 1024 II Henri
82%
Saliens 1039 - 1056 III Henri
82%
Saliens 1054 - 1087 IV Henri
82%
Saliens 1098 - 1125 V Henri
82%
Hohenstaufen 1190 -1197 VI Henri
82%
Supplinbourg 1125 - 1137 III Lothaire
58%
Saliens 1024 - 1039 II Conrad
55%
Saliens 1087 - 1098 Basse-Lotharingie Conrad
55%
Hohenstaufen 1138 - 1152 III Conrad
55%
Hohenstaufen 1198 - 1208 de Souabe Philippe
39%
Aucun quiz correspondant
Distribution des résultats
% des personnes avec chaque résultat
Percentile par nombre de réponses
Votre historique - résultats
Vous n’avez pas pris ce quiz